A multiple exchange rate system ; an appraisal of Thailand's experience, 1946-1955.

Bibliographic Details
Main Author: Yang, Shujin
Format: Book
Language:English
Published: Madison : University of Wisconsin Press, 1957.
Subjects:

MARC

Tag First Indicator Second Indicator Subfields
LEADER 00000cam a2200000 4500
001 in00000069108
005 20151008051400.0
008 770628s1957 wiua b 00000 eng
010 |a  57007731  
035 |a (OCoLC)03079142 
035 |9 AAG7536AM 
040 |a DLC  |c TJC  |d TXA  |d UtOrBLW 
049 |a TXAM  |c [286807] 
050 0 |a HG3883.T5  |b Y3 
082 0 |a 332.45 
092 |a 332.45  |b Y22m 
100 1 |a Yang, Shujin. 
245 1 2 |a A multiple exchange rate system ;  |b an appraisal of Thailand's experience, 1946-1955. 
264 1 |a Madison :  |b University of Wisconsin Press,  |c 1957. 
300 |a xviii, 200 pages :  |b diagrams, tables. ;  |c 25 cm. 
336 |a text  |b txt  |2 rdacontent 
337 |a unmediated  |b n  |2 rdamedia 
338 |a volume  |b nc  |2 rdacarrier 
504 |a Bibliography: pages [179]-186. 
650 0 |a Foreign exchange  |z Thailand. 
651 0 |a Thailand  |x Economic policy. 
999 |a MARS 
999 f f |s 2bc356b0-5dbb-3a1a-938f-bb27d3b7e1e8  |i 137d0e6d-bb5b-32cb-a1f4-56ece4e43719  |t 0 
952 f f |p ric  |a Texas A&M University  |b Rellis Campus  |c Joint Library Facility  |d Remote Storage  |t 0  |e HG3883.T5 Y3  |h Library of Congress classification  |i unmediated -- volume  |m A14800734486 
998 f f |a HG3883.T5 Y3  |t 0  |l Remote Storage